Southville International School and Colleges
Your cart is empty.
  • Cart
  • Lists
    Public lists Eva Luna New books Lux_list list_1
    Your lists Log in to create your own lists
  • Log in to your account
  • Your cookies
  • Search history
Southville International School and Colleges
  • Advanced search
  • Recent comments
  • Most popular
  • Libraries

Log in to your account

Log in with GOOGLE


If you do not have an external account, but do have a local account, you can still log in:

  1. Home
  2. MARC view: The design of business :
Normal view MARC view ISBD view

The design of business : (Record no. 22392)

[ view plain ]
MARC details
000 -LEADER
fixed length control field 01113nam a2200253 a 4500
005 - DATE AND TIME OF LATEST TRANSACTION
control field 20140310183405.0
008 - FIXED-LENGTH DATA ELEMENTS--GENERAL INFORMATION
fixed length control field 121012s19uu xx 00 eng d
020 ## - INTERNATIONAL STANDARD BOOK NUMBER
International Standard Book Number 9781422177808
050 ## - LIBRARY OF CONGRESS CALL NUMBER
Classification number HD 53
Item number .M3644 2009
100 ## - MAIN ENTRY--PERSONAL NAME
Personal name Martin, Roger L.
245 ## - TITLE STATEMENT
Title The design of business :
Remainder of title why design thinking is the next competitive advantage /
Statement of responsibility, etc Roger Martin.
260 ## - PUBLICATION, DISTRIBUTION, ETC. (IMPRINT)
Place of publication, distribution, etc Boston, Mass :
Name of publisher, distributor, etc Harvard Business Press,
Date of publication, distribution, etc 2009.
300 ## - PHYSICAL DESCRIPTION
Extent xiii, 191 p. :
Dimensions 22 cm.
500 ## - GENERAL NOTE
General note Includes bibliographical references and index
520 ## - SUMMARY, ETC.
Summary, etc Most companies yearn to come up with a game-changing innovation like Apple's iPod, or create an entirely new category like Facebook. Many make genuine efforts to be innovative - they spend on R&D, bring in creative designers, hire innovation consultants. But they get disappointing results. Why? This title offers a provocative answer.
521 ## - TARGET AUDIENCE NOTE
Target audience note
650 ## - SUBJECT ADDED ENTRY--TOPICAL TERM
Topical term or geographic name as entry element Creative ability in business
650 ## - SUBJECT ADDED ENTRY--TOPICAL TERM
Topical term or geographic name as entry element Lateral thinking
650 ## - SUBJECT ADDED ENTRY--TOPICAL TERM
Topical term or geographic name as entry element Creative thinking
650 ## - SUBJECT ADDED ENTRY--TOPICAL TERM
Topical term or geographic name as entry element Knowledge management
650 ## - SUBJECT ADDED ENTRY--TOPICAL TERM
Topical term or geographic name as entry element Management
942 ## - ADDED ENTRY ELEMENTS (KOHA)
Koha item type Books
Source of classification or shelving scheme Library of Congress Classification
Call number prefix Foreign
Holdings
Withdrawn status Lost status Source of classification or shelving scheme Damaged status Home library Current library Shelving location Date acquired Source of acquisition Cost, normal purchase price Total Checkouts Full call number Barcode Date last seen Copy number Price effective from Koha item type
    Library of Congress Classification   College Library College Library General Circulation Section 10/12/2012 Donation 1528.00   HD 53 .M3644 2009 C16356 05/15/2018 1 10/10/2013 Books

The design of business :

APA

Martin R. L., . (2009). The design of business. Boston, Mass: Harvard Business Press.

Chicago

Martin Roger L, . 2009. The design of business. Boston, Mass: Harvard Business Press.

Harvard

Martin R. L., . (2009). The design of business. Boston, Mass: Harvard Business Press.

MLA

Martin Roger L, . The design of business. Boston, Mass: Harvard Business Press. 2009.

  • Place hold
  • Print
  • Cite
  • Add to your cart (remove)
  • Save record
    BIBTEX Dublin Core MARCXML MARC (non-Unicode/MARC-8) MARC (Unicode/UTF-8) MARC (Unicode/UTF-8, Standard) MODS (XML) RIS
  • More searches
    Search for this title in:
    Other Libraries (WorldCat) Other Databases (Google Scholar) Online Stores (Bookfinder.com) Open Library (openlibrary.org)

Exporting to Dublin Core...

SOUTHVILLE LIBRARY

Southville International School and Colleges Library

1281 Tropical Ave. Cor. Luxembourg St., BF Homes International, Las Pinas City

Tel. No. 8256374 / 252358 Loc. 117/146

Powered by Koha